000 00752nam a2200253 i 4500
003 DO-SdBNP
005 20250422151937.0
007 ta
008 250422b2020 dr ac||| |||| 00| 0 spa d
040 _aDO-SdBNP
_bspa
_cBNPHU
_erda
041 _hspa
082 4 _222
_axxx
_bxxx
100 1 _aGómez Cerda, José,
_eautor
_4aut.
_98583
245 1 4 _aLas Ideas Políticas /
_cJosé Gómez Cerda
250 _aPrimera edición
264 1 _aSanto Domingo :
_bEditorial Santuario,
_c2020.
300 _a248 páginas :
_bilustraciones, retratos ;
_c28 cm.
336 _atexto
_btxt
_2rdacontent
337 _asin mediación
_bn
_2rdamedia
338 _avolumen
_bnc
_2rdacarrier
590 _aInventariado, 2025/BT
910 _aBtavárez
942 _2ddc
_cLBS1
999 _c58504
_d58504